From statism to pluralism: democracy, civil society and global politics (Record no. 384828)

000 -LEADER
fixed length control field 00446cam a22001577a 4500
008 - FIXED-LENGTH DATA ELEMENTS--GENERAL INFORMATION
fixed length control field 180718b1997 xxu||||| |||| 00| 0 eng d
020 ## - INTERNATIONAL STANDARD BOOK NUMBER
International Standard Book Number 1857287509
082 ## - DEWEY DECIMAL CLASSIFICATION NUMBER
Classification number B253 H618/c.2
100 ## - MAIN ENTRY--PERSONAL NAME
Personal name Hirst, Paul
245 ## - TITLE STATEMENT
Title From statism to pluralism: democracy, civil society and global politics
Statement of responsibility, etc. by Paul Hirst
260 ## - PUBLICATION, DISTRIBUTION, ETC.
Place of publication, distribution, etc. London
Name of publisher, distributor, etc. UCL Press
Date of publication, distribution, etc. 1997
300 ## - PHYSICAL DESCRIPTION
Extent 260p.
650 ## - SUBJECT ADDED ENTRY--TOPICAL TERM
Topical term or geographic name entry element Post-communism
650 ## - SUBJECT ADDED ENTRY--TOPICAL TERM
Topical term or geographic name entry element Civil society
650 ## - SUBJECT ADDED ENTRY--TOPICAL TERM
Topical term or geographic name entry element Democracy
Holdings
Withdrawn status Lost status Damaged status Not for loan Permanent Location Current Location Date acquired Full call number Barcode Date last seen Price effective from Koha item type
        Indian Institute of Public Administration Indian Institute of Public Administration 2000-10-17 B253 H618/c.2 75986 2018-07-21 2018-07-21 Book
        Indian Institute of Public Administration Indian Institute of Public Administration 2000-10-17 B253 H618/c.2 75985 2018-07-21 2018-07-21 Book
        Indian Institute of Public Administration Indian Institute of Public Administration 2000-10-17 B253 H618/c.2 75976 2018-07-21 2018-07-21 Book
        Indian Institute of Public Administration Indian Institute of Public Administration 2000-10-17 B253 H618/c.2 75975 2018-07-21 2018-07-21 Book
        Indian Institute of Public Administration Indian Institute of Public Administration 1998-07-07 B253 H618/c.2 73367 2018-07-21 2018-07-21 Book
        Indian Institute of Public Administration Indian Institute of Public Administration 1998-02-24 B253 H618/c.2 72816 2018-07-21 2018-07-21 Book

Powered by Koha